| 000 | 01101nam a2200205Ii 4500 | ||
|---|---|---|---|
| 003 | JO-AjNU | ||
| 008 | 230605s9999||||xx |||||||||||||| ||und|| | ||
| 017 | _a2011/2/823 | ||
| 040 |
_aJO-AjNU _bara _erda _cJO-AjNU |
||
| 041 | _aara | ||
| 050 | 1 | 4 | _aDS154.13.M37 2011 |
| 100 | 3 |
_aالزغلوان، خولة ياسينواخرون، مشارك عثمان محمد المشاورة، مشارك سارة زياد فتوح؛ اشراف بكر خازر المجالي , _eauthor _959607 |
|
| 245 | 0 | 0 | _aالموسوعة التاريخية المصورة: معركة الكرامة الخالدة الخميس 21 اذار 1986 قتال الجيش العربي الاردني على جبهة واسعة (اكثر من 1300كلم مربع وتصميم على الانتصار |
| 264 | 3 | 1 | _aعمان: القوات المسلحه الاردنية،2011 |
| 300 |
_a546ص _bيحتوي على صور توضيحية |
||
| 336 |
_atext _btxt _2rdacontent |
||
| 337 |
_aunmediated _bn _2rdamedia |
||
| 338 |
_avolume _bnc _2rdacarrier |
||
| 650 | 4 |
_aمعركة الكرامة - الاردن - تاريخ _959608 |
|
| 999 |
_aA26832 _c30400 _d30400 |
||